[Event "Bad Ragaz op 11th"]
[Site "Bad Ragaz"]
[Date "2016.03.27"]
[Round "6"]
[White "Teske, Henrik"]
[Black "Schroeter, Michael"]
[Result "1-0"]
[WhiteElo "2478"]
[BlackElo "2038"]
[PlyCount "53"]
[EventDate "2016.03.24"]
[EventType "swiss"]
[EventRounds "7"]
[EventCountry "SUI"]
[SourceTitle "EXT 2018"]
[Source "ChessBase"]
[SourceDate "2017.10.13"]
[SourceVersion "1"]
[SourceVersionDate "2017.10.13"]
[SourceQuality "1"]

1. e4 e6 2. d4 d5 3. Nd2 c5 4. Ngf3 cxd4 5. exd5 Qxd5 6. Bc4 Qd6 7. Qe2 Nf6 8. Nb3 Nc6 9. Bg5 Be7 10. 0-0-0 0-0 11. Nfxd4 Nxd4 12. Nxd4 Qc5 13. Be3 Qc7 14. g4 a6 15. g5 Nd7 16. f4 Nc5 17. f5 exf5 18. Rhf1 Ne4 19. Nxf5 Bxf5 20. Rxf5 Rac8 21. Bd5 Nd6 22. Rf2 Nc4 23. Bd4 Bxg5+ 24. Kb1 Bh6 25. Ka1 Kh8 26. Qh5 Ne3 27. Qxh6 1-0

[Event "Basel op"]
[Site "Basel"]
[Date "2014.01.03"]
[Round "4"]
[White "Schroeter, Michael"]
[Black "Faraone, Ettore"]
[Result "1-0"]
[WhiteElo "1971"]
[BlackElo "2074"]
[PlyCount "75"]
[EventDate "2014.01.01"]
[EventType "swiss"]
[EventRounds "7"]
[EventCountry "SUI"]
[SourceTitle "CBM 158 Extra"]
[Source "ChessBase"]
[SourceDate "2014.02.28"]
[SourceVersion "1"]
[SourceVersionDate "2014.02.28"]
[SourceQuality "1"]

1. d4 d5 2. c4 dxc4 3. Nf3 Nf6 4. e3 e6 5. Bxc4 Bb4+ 6. Nc3 0-0 7. 0-0 a6 8. Qe2 b5 9. Bd3 Bb7 10. a3 Be7 11. b4 c6 12. e4 a5 13. bxa5 Rxa5 14. Bg5 Nh5 15. Bd2 b4 16. axb4 Bxb4 17. e5 g6 18. Bg5 Qc7 19. Rxa5 Qxa5 20. Ne4 Nd7 21. Qe3 c5 22. g4 cxd4 23. Qxd4 Bxe4 24. Bxe4 f5 25. Qxd7 fxe4 26. Qxe6+ Rf7 27. gxh5 exf3 28. hxg6 hxg6 29. Rc1 Bf8 30. Qxg6+ Rg7 31. Qe6+ Kh7 32. h4 Qb4 33. Qf5+ Kg8 34. Kh2 Qb2 35. Rc2 Qb1 36. Qe6+ Kh7 37. Rc8 Be7 38. Qh6# 1-0

[Event "Basel op"]
[Site "Basel"]
[Date "2014.01.02"]
[Round "2"]
[White "Schroeter, Michael"]
[Black "Berset, Philippe"]
[Result "0-1"]
[WhiteElo "1971"]
[BlackElo "2100"]
[PlyCount "68"]
[EventDate "2014.01.01"]
[EventType "swiss"]
[EventRounds "7"]
[EventCountry "SUI"]
[SourceTitle "CBM 158 Extra"]
[Source "ChessBase"]
[SourceDate "2014.02.28"]
[SourceVersion "1"]
[SourceVersionDate "2014.02.28"]
[SourceQuality "1"]

1. e4 e6 2. d4 d5 3. Nc3 Bb4 4. e5 c5 5. a3 Bxc3+ 6. bxc3 Qc7 7. Nf3 b6 8. a4 Ba6 9. Bb5+ Bxb5 10. axb5 a5 11. bxa6 Rxa6 12. Rxa6 Nxa6 13. 0-0 Ne7 14. Qe2 Nb8 15. Ba3 0-0 16. c4 dxc4 17. Qxc4 Nd7 18. Ng5 h6 19. Ne4 Ra8 20. Bc1 Qc6 21. Nc3 cxd4 22. Qxd4 Nf5 23. Qb4 Nxe5 24. Bb2 Nc4 25. Ba1 Nh4 26. f3 Nf5 27. Ne4 Nce3 28. Rc1 Ra4 29. Qb2 Qc4 30. Qxb6 Nxc2 31. Qd8+ Kh7 32. Bxg7 Nxg7 33. Qf8 Qd4+ 34. Kh1 Ra1 0-1

[Event "Basel op"]
[Site "Basel"]
[Date "2014.01.01"]
[Round "1"]
[White "Hagesaether, Ellen"]
[Black "Schroeter, Michael"]
[Result "1-0"]
[WhiteElo "2216"]
[BlackElo "1971"]
[PlyCount "63"]
[EventDate "2014.01.01"]
[EventType "swiss"]
[EventRounds "7"]
[EventCountry "SUI"]
[SourceTitle "CBM 158 Extra"]
[Source "ChessBase"]
[SourceDate "2014.02.28"]
[SourceVersion "1"]
[SourceVersionDate "2014.02.28"]
[SourceQuality "1"]

1. c4 b6 2. e4 Bb7 3. Nc3 e6 4. Nf3 Bb4 5. Qc2 Ne7 6. a3 Bxc3 7. dxc3 0-0 8. Bd3 f5 9. Bd2 Qe8 10. 0-0-0 fxe4 11. Bxe4 Bxe4 12. Qxe4 Nbc6 13. Bf4 e5 14. Bxe5 d6 15. Bg3 Na5 16. b4 Qa4 17. bxa5 Rae8 18. Rhe1 Qxa3+ 19. Kd2 Kh8 20. Ra1 Qc5 21. Bh4 d5 22. Bxe7 dxe4 23. Bxc5 bxc5 24. Ng1 Rxf2+ 25. Re2 Rf6 26. Rb1 Rd6+ 27. Kc2 Kg8 28. Rb7 Ra6 29. Rb5 Re5 30. Nf3 exf3 31. Rxe5 f2 32. Rf5 1-0